Interakcia redoxne aktívnych kovov s neuroprotektívnymi liečivami na báze derivátov taktrínu a akridínu bakalárska práca

Salvato in:
Dettagli Bibliografici
Autore principale: Hapčo, Dávid
Natura: Libro
Lingua:slovacco
Pubblicazione: Bratislava STU FCHPT 2014
Accesso online:Visualizza in OPAC
Tags: Aggiungi Tag
Nessun Tag, puoi essere il primo ad aggiungerne!!

MARC

LEADER 00000nam a2200000 a 4500
005 20260127134117.0
008 140905 2014 000 0 slo d
035 |a vtls010617943 
039 9 |y 201409051111  |z mschk03 
040 |a STUSCHK1  |b slo  |c STUSCHK1  |e AACR2 
100 1 |a Hapčo, Dávid 
245 1 |a Interakcia redoxne aktívnych kovov s neuroprotektívnymi liečivami na báze derivátov taktrínu a akridínu  |b bakalárska práca  |c Dávid Hapčo 
260 |a Bratislava  |b STU FCHPT  |c 2014 
300 |a 47 s.  |b Obr., tab.  |c 2014 
500 |a Obhájené: 16.7.2014 
500 |a Štud. program: biotechnológia a potravinárska technológia 
500 |a Štud. odbor: biotechnológie 
500 |a Školiace pracovisko: Odd. fyzikálnej chémie 
500 |a Evid. číslo: FCHPT-13567-42689 
910 |a SCHK95 
999 |c 4306  |d 4306